header

Analog circuit design for communication SOC (Record no. 148905)

MARC details
000 -LEADER
fixed length control field 01204nam a2200289 a 4500
100 1# - MAIN ENTRY--AUTHOR NAME
Personal name Hung-Lung Tu, Steve.
245 10 - TITLE STATEMENT
Title Analog circuit design for communication SOC
260 ## - PUBLICATION, DISTRIBUTION, ETC. (IMPRINT)
Place of publication [Taiwan] :
Name of publisher Bentham Science Publishers,
Year of publication [2012]
300 ## - PHYSICAL DESCRIPTION
Number of Pages ii, 234 p. :
Other physical details ill. (some col.)
650 #0 - SUBJECT ADDED ENTRY--TOPICAL TERM
Topical Term Electronic analog computers
Topical Term Communication
700 1# - ADDED ENTRY--PERSONAL NAME
Personal name Yang, Rong-Jyi.
Personal name Shen, Ding-Lan.
856 40 - ELECTRONIC LOCATION AND ACCESS
Uniform Resource Identifier http://site.ebrary.com/lib/rucke/Doc?id=10534349

No items available.

© 2026 Rongo University
Contact us: librarian | system librarian | Rongo university